000 00463nam a2200169Ia 4500
005 20250508152459.0
008 008 250505s9999 xx 000 0 eng d
037 _aTextual
040 _aFEDL
_beng
_cFEDL
041 _aeng
_2eng
084 _a621.94, KHA
_qFEDL
245 0 _aKharad shiksha: Tarner guide
260 _aDelhi, India
_bDehati Pustak Bhandar
_c1964
300 _a216p
942 _cTEXL
_h621.94, KHA
999 _c1336693
_d1336693